Tell el-Dab'a II : der Fundort im Rahmen einer archäologisch-geographischen Untersuchung über das ägyptische Ostdelta /
المؤلف الرئيسي:
مؤلفون مشاركون: ,
مؤلفون آخرون: ,
التنسيق: كتاب
اللغة: German
منشور في:
Wien :
Verlag der Österreichischen Akademie der Wissenschaften,
1975.
سلاسل:
Untersuchungen der Zweigstelle Kairo des Österreichischen Archäologischen Institutes ;
Denkschriften der Gesamtakademie ;
4.
الموضوعات:
الوسوم: إضافة وسم
رقم الطلب: DT57 .O69 v.1 text-planches
| LEADER | 01825namaa2200385 4500 | ||
|---|---|---|---|
| 001 | 5157 | ||
| 003 | OSt | ||
| 005 | 20260427111220.0 | ||
| 008 | 130303s1975 au abe b 001 0 ger d | ||
| 020 | |a 3700101368 | ||
| 035 | |a ocm32036760 | ||
| 040 | |c ARCE Library | ||
| 043 | |a f-ua--- | ||
| 050 | 0 | 4 | |a DT57 .O69 v.1 text-planches |
| 100 | 1 | |a Bietak, Manfred, |e author |9 26783 | |
| 245 | 1 | 0 | |a Tell el-Dab'a II : |b der Fundort im Rahmen einer archäologisch-geographischen Untersuchung über das ägyptische Ostdelta / |c Manfred Bietak ; mit einem geodätischen Beitrag von Josef Dorner und Heinz König. |
| 246 | 3 | 0 | |a Fundort im Rahmen einer archäologisch-geographischen Untersuchung über das ägyptische Ostdelta |
| 264 | 1 | |a Wien : |b Verlag der Österreichischen Akademie der Wissenschaften, |c 1975. | |
| 300 | |a 2 volumes (236 pages, 47 pages of plates : |b illustrations (some color), maps (some folded), 4 folded plans) ; |c 32 cm. | ||
| 490 | 1 | |a Untersuchungen der Zweigstelle Kairo des Österreichischen Archäologischen Institutes ; |v 1. | |
| 490 | 1 | |a Denkschriften der Gesamtakademie ; |v 4. | |
| 500 | |a "Mit 45 Textabbildungen, 47 Tafeln und einer separaten Tasche mit 4 Plänen" | ||
| 504 | |a Includes bibliographical references and indexes. | ||
| 651 | 0 | |a Ḍabʻah, Tall al- (Egypt) | |
| 651 | 0 | |a Egypt |x Antiquities. | |
| 651 | 0 | |a Egypt |z Tall al-Ḍabʻah. | |
| 700 | 1 | |a Dörner, Josef. | |
| 700 | 1 | |a König, Heinz, |d 1929- |9 34105 | |
| 710 | 2 | |a Österreichische Akademie der Wissenschaften. | |
| 710 | 2 | |a Österreichisches Archäologisches Institut (Vienna, Austria). |b Zweigstelle Kairo. | |
| 830 | 0 | |a Untersuchungen der Zweigstelle Kairo des Österreichischen Archäologischen Institutes ; | |
| 830 | 0 | |a Denkschriften der Gesamtakademie ; |v 4. | |
| 901 | |a reviewed | ||
| 942 | |c BK |2 lcc | ||
| 999 | |c 5102 |d 5102 | ||
